Дело об изобретении Варшавским часовым мастером И. А. Штаффелем числительной машины и о признании ее ценной академиками Б. С. Як...

RUSMARC
00005911cbc2a2200000#x 450
0016d65b8fc-fdbc-4160-8391-8436eb7aa5be
00520210802113607.0
100##$a20141013l18451847k l0rusy0189 ca
1010#$arus
102##$aRU
2001#$aДело об изобретении Варшавским часовым мастером И. А. Штаффелем числительной машины и о признании ее ценной академиками Б. С. Якоби и В. Я. Буняковским
$j5 декабря 1845 г. - 4 сентября 1847 г.
251##$cДело
300##$aРукописный текст. Чернила
300##$aОригинальный заголовок дела: Дело о числительных машинах, изобретенных в Варшаве евреем Штаффелем. 5 декабря 1845 г. - 4 сентября 1847 г.
801#0$aRU
$bРГИА
$c20141013
801#1$aRU
$bГлавНИВЦ
$c20141013
$2rusmarc
801#2$aRU
$bПБ им. Б.Н. Ельцина
$c20170426
$gRCR
$2rusmarc
850##$aФедеральное казенное учреждение "Российский государственный исторический архив" (РГИА)
852##$aРГИА
$j180
937##$hРГИА
$d11184524
$aASBIBLIO_SCAN
462#0$10015a39e5d3-dc69-4a86-ab96-9d2e08e41784
$12001
$aДела Департамента народного просвещения по Варшавскому учебному округу
$vД. 180
$1251
$cОпись
$1852
$j77
461#0$1001a74412a3-3cc5-4d21-8f0a-dfe2fbd9e72d
$12001
$aДепартамент народного просвещения Министерства народного просвещения
$1251
$cФонд
$1852
$j733
215##$a65 листов
$d36,5х26 см
105##$ay###
1222#$ad18451205##
$ad18470904##
5171#$aДело о числительных машинах, изобретенных в Варшаве евреем Штаффелем. 5 декабря 1845 г. - 4 сентября 1847 г
035##$a6d65b8fc-fdbc-4160-8391-8436eb7aa5be
856##$uhttp://readingroom.main.prlib.ru/item.aspx?id_node=n97652993&mode=full
6061#$2nlr_sh1
$3RU\NLR\AUTH\66167137
$aСчетные машины
$xИстория
$jДокументы и материалы
6061#$2nlr_sh
$3RU\NLR\AUTH\6601682045
$aИзобретения
$xПатентование
$yРоссия
$jДокументы и материалы
6061#$aИзобретательство
$xИстория
$yРоссия
$jДокументы и материалы
$2nlr_sh
$3RU\NLR\AUTH\661355571
605##$2acquisition_Prlib
$3DITM\AF\0000003834
$aНарод
$lколлекция
605##$2acquisition_Prlib
$3LIBNET\UAF\0000095744
$aРоссийское изобретательство: страницы истории
$lколлекция
686##$a22.1г.ю11
$2rubbk
$vLBC/M
686##$a67.404.321.1г.ю11
$2rubbk
$vLBC/M
686##$a63.3(2)521.2ю11
$vLBC/M
$2rubbk
Формат отображения